00000000nam##2200000za#4500
0019.570013
003CaOODSP
00520210624182035
007cr |||||||||||
008150406|2008||||xxc|||||o    f|0| 0 eng|d
040 |aCaOODSP|beng
043 |an-cn---
0861 |aNH18-1-2/169-2008E-PDF
1102 |aCanada Mortgage and Housing Corporation.
24510|aHousing affordability trends 1981-2001 : |h[electronic resource]|ban analysis of selected metropolitan areas in Canada / |c[by] Paddy Fuller.
2461 |iAdditional title (within publication) : |aAffordability trends 1981-2001 : an analysis of selected metropolitan regions in Canada = Évolution de l'abordabilité entre 1981 et 2001 : analyse de la situation dans quelques régions métropolitaines du Canada
260 |aOttawa - Ontario : |bCanada Mortgage and Housing Corporation |cNovember 2008 (main report), February 2009 (Research highlight).
300 |a68p.|bglossary, graphs, references, tables
4901 |aResearch report
500 |aIncludes: Research highlight (Socio-economic series 09-003, February 2009) under the title "Affordability trends 1981-2001 : an analysis of selected metropolitan regions in Canada". Y compris : Le point en recherche (Série socio-économique 09-003, février 2009) sous le titre « Évolution de l'abordabilité entre 1981 et 2001 : analyse de la situation dans quelques régions métropolitaines du Canada ».
546 |a(Le point en recherche en français.)
590 |a11-26-Supp|b2011-11-03
7201 |aFuller, Paddy
830#0|aResearch report (Canada Mortgage and Housing Corporation : Online)|w(CaOODSP)9.506068
85640|ahttp://publications.gc.ca|qPDF|s5.69 MB|uhttps://publications.gc.ca/collections/collection_2011/schl-cmhc/nh18-1-2/NH18-1-2-169-2008-eng.pdf